|
|
|
|
| LEADER |
00883nam a2200229 a 4500 |
| 001 |
GR-MES4263 |
| 008 |
991111s1996 gr 000 0 gre d |
| 020 |
|
|
|a 9603311316
|
| 040 |
|
|
|a GrPaTEI
|b gre
|c GR-PaULI
|
| 245 |
0 |
0 |
|a Μετροτεχνία.
|
| 260 |
|
|
|a Αθήνα :
|b Ευρωπαικές Τεχνολογικές Εκδόσεις,
|c 1996
|
| 300 |
|
|
|a 104σελ. :
|b σχημ.
|
| 650 |
|
4 |
|a ΜΕΤΡΗΣΕΙΣ
|
| 650 |
|
4 |
|a ΜΕΤΡΟΤΕΧΝΙΑ
|
| 700 |
1 |
|
|a Herwing, B.
|
| 700 |
1 |
|
|a Ulrich, F.
|
| 700 |
1 |
|
|a Werner, D.
|
| 710 |
0 |
|
|a Ευρωπαικές Τεχνολογικές Εκδόσεις
|
| 942 |
|
|
|2 ddc
|
| 952 |
|
|
|0 0
|1 0
|2 ddc
|4 0
|6 624_100000000000000_HER
|7 0
|9 268920
|a MSLG
|b MSLG
|c BSC
|d 2021-01-17
|e 24
|f 0
|g 0.00
|l 0
|o 624.1 HER
|p 2420000009091
|r 2021-01-17 00:00:00
|t 1
|w 2021-01-17
|y BK15
|x 19991111 0 1
|x GrPaTEI
|
| 971 |
|
|
|a .b25753095
|b 16-04-20
|c 13-09-16
|
| 999 |
|
|
|c 155027
|d 155027
|